000
00320nam a2200145Ia 4500
003
OSt
005
20240226120111.0
008
170524s9999 xx 000 0 und d
020
_a
978-0071067850
040
_c
IIMT UNIVERSITY
100
_a
Khan MY
245
0
_a
Financial Management
260
_a
TMH
942
_2
ddc
_c
01
999
_c
3011
_d
3011